• 首页
  • 本馆介绍
  • 公告通知
  • 最新文献
  • 馆藏检索
  • 电子资源
  • 读者导购
  • 参考咨询
  • 我的图书馆
  • 登录
  • 详细信息显示
  • 放入我的书架
  • 预约/预借图书
  • 作者相关作品
  • 分类相关作品
  • 丛书相关作品
  • 出版社相关作品

书目信息

  • 表格格式
  • 工作单格式
  • 卡片格式
题名:
海上态势视觉感知方法研究
    
 
作者: 乔大雷 , 张娟 , 吕太之 著
分册:  
出版信息: 长春   吉林大学出版社  2022.02
页数: 148页
开本: 26cm
丛书名:
单 册:
中图分类: P715.5
科图分类:
主题词: 海洋监测--hai yang jian ce--监测系统
电子资源:
ISBN: 978-7-5692-9057-8
000 01275nam0 2200277 450
001 CAL 0120192748478
005 20230217093111.0
010    @a978-7-5692-9057-8@dCNY58.00
100    @a20211221d2022 em y0chiy0120 ea
101 0  @achi
102    @aCN@b220000
105    @aak a 000yy
106    @ar
200 1  @a海上态势视觉感知方法研究@Ahai shang tai shi shi jue gan zhi fang fa yan jiu@f乔大雷, 张娟, 吕太之著
210    @a长春@c吉林大学出版社@d2022.02
215    @a148页@c图@d26cm
300    @a江苏海事职业技术学院出版基金资助 江苏省高等学校自然科学研究重大项目资助
320    @a有书目 (第133-146页)
330    @a航行态势感知是传统海面集成监视活动的终极目标, 也是现代智能船舶甚至无人驾驶船舶自主航行实现的首要前提。本书首先对海上态势视觉感知最先进及经典的技术进行归纳和综述, 其次对判别式深度学习的核心机理进行了详细的介绍, 然后重点报告本文作者在海面全场景解析、船舶目标重识别和检测后跟踪三个方面的最新工作, 接着给出以上关键技术在海上智能交通系统中的应用, 最后对全书的研究成果进行总结并给出研究展望。
606 0  @a海洋监测@Ahai yang jian ce@x监测系统
690    @aP715.5@v5
701  0 @a乔大雷@Aqiao da lei@4著
701  0 @a张娟@Azhang juan@4著
701  0 @a吕太之@Alu^ tai zhi@4著
801  0 @aCN@bBJXHZP@c20230228
905    @b1407989-92@dP715.5@e150@f4
    
    海上态势视觉感知方法研究/乔大雷, 张娟, 吕太之著.-长春:吉林大学出版社,2022.02
    148页:图;26cm
    江苏海事职业技术学院出版基金资助 江苏省高等学校自然科学研究重大项目资助
    
    ISBN 978-7-5692-9057-8:CNY58.00
    航行态势感知是传统海面集成监视活动的终极目标, 也是现代智能船舶甚至无人驾驶船舶自主航行实现的首要前提。本书首先对海上态势视觉感知最先进及经典的技术进行归纳和综述, 其次对判别式深度学习的核心机理进行了详细的介绍, 然后重点报告本文作者在海面全场景解析、船舶目标重识别和检测后跟踪三个方面的最新工作, 接着给出以上关键技术在海上智能交通系统中的应用, 最后对全书的研究成果进行总结并给出研究展望。
●
相关链接 在E读中查询图书 在五车中查询图书 在当当中查询图书 在豆瓣中查询图书


正题名:海上态势视觉感知方法研究     索取号:P715.5/150         预约/预借

序号 登录号 条形码 馆藏地/架位号 状态 备注
1 1407989   214079897   第二样本阅览室/ [索取号:P715.5/150] 在馆    
2 1407990   214079904   第三借阅区/ [索取号:P715.5/150] 在馆    
3 1407991   214079913   第三借阅区/ [索取号:P715.5/150] 在馆    
4 1407992   214079922   第三借阅区/ [索取号:P715.5/150] 在馆    
唐山师范学院图书馆 欢迎您!
大连网信软件有限公司© 版权所有